Forever Happy - Miky Woodz, Juhn - Estadísticas

Estadísticas generales
  • Esta prueba ha sido intentada 31 veces
  • La puntuación promedio es 267 de 422
Estadísticas de respuestas
Letra % Correcto
de
100%
dudes
100%
es
100%
lo
100%
Lo
100%
mí,
100%
100%
mi
100%
mío
100%
No
100%
no
100%
"No
100%
noto
100%
pa'
100%
Pa'
100%
pasa?
100%
película
100%
¿Qué
100%
que
100%
Que
100%
qué
100%
Te
100%
te
100%
ti
100%
tímida
100%
a
75%
A
75%
brújula
75%
con
75%
confía',
75%
dar
75%
dio
75%
en
75%
En
75%
ha
75%
hacer
75%
la
75%
La
75%
las
75%
Los
75%
los
75%
más
75%
me
75%
pero
75%
por
75%
puedo
75%
quiero
75%
75%
ser
75%
si
75%
Si
75%
to'
75%
tu
75%
75%
75%
Va'
75%
va'
75%
vida
75%
y
75%
Y
75%
Yo
75%
yo
75%
al
50%
Algo
50%
Atrévete
50%
baby
50%
calle
50%
cama
50%
conmigo
50%
conmigo,
50%
contenta'
50%
cuenta
50%
curiosidad
50%
dejo
50%
dice
50%
dicen
50%
dicho
50%
digas
50%
digas:
50%
el
50%
enamore'
50%
eres
50%
estás
50%
falte
50%
feliz
50%
forever
50%
grati'
50%
habla'o
50%
hacerte
50%
han
50%
happy,
50%
he
50%
hecho
50%
hija,
50%
In
50%
incluido,
50%
Maserati
50%
mundo,
50%
na'
50%
nadie
50%
nunca
50%
"Papi"
50%
pase
50%
paseo
50%
paso
50%
perdí'a
50%
pide,
50%
pruebas,
50%
puede
50%
quieres
50%
rumore'
50%
sabe'
50%
siempre
50%
solas
50%
son
50%
Tal
50%
un
50%
una
50%
vas
50%
ver
50%
vez
50%
vivas
50%
voy
50%
vuelva'
50%
yeh
50%
abrace
25%
adulto',
25%
agrada',
25%
arranque
25%
bien
25%
casa,
25%
cielo
25%
Comerte
25%
comértela
25%
como
25%
conocer
25%
conozco
25%
cuando
25%
Cuando
25%
decide'
25%
del
25%
después
25%
dime
25%
echo
25%
elegí"
25%
ese
25%
Estrújame
25%
experimentar
25%
fallé
25%
felicidad,
25%
hagámoslo
25%
házmelo
25%
I'm
25%
impide
25%
intrusos,
25%
intrusos
25%
Juhn,
25%
lengua
25%
Llevarte
25%
miedo
25%
miento,
25%
Miky
25%
muy
25%
Nutella
25%
Olvídate
25%
olvide'
25%
olvide
25%
papel
25%
pedirme
25%
peso
25%
primordial
25%
proceso
25%
quedas
25%
quién
25%
quiera',
25%
quitado
25%
sabes
25%
sentirás
25%
sólo
25%
Somos
25%
somos
25%
soy
25%
subir
25%
también
25%
tengas
25%
Terrícolas
25%
The
25%
to'a
25%
toto
25%
trincas
25%
universidad,
25%
vengas
25%
vo'a
25%
Woodz
25%
Ya
25%
ya
25%
Ah,
0%
Beats
0%
caballeros
0%
Caribe
0%
damas
0%
done
0%
espatarre
0%
fallamo'
0%
irnos
0%
jajaja
0%
Jajajaja
0%
Nosotros
0%
nosotros
0%
nuevo
0%
saben
0%
Uh,
0%
Ustedes
0%
vacacionar
0%
No se encontraron pruebas coincidentes
Distribución de puntuación
Porcentaje de gente con cada puntuación
Porcentaje por número respondido
Historial de tus puntuaciones
No has intentado esta prueba.